01391nam a22002297a 45000010005000000030006000050050017000110080041000280200018000690400032000870500008001190820009001271000019001362450086001552600035002413000043002765050007003195200766003265210019010925210019011116500031011305531FISKH20251204084535.0241216b cb ||||| |||| 00| 0 eng d a9781848122949 aFISKH bengcFISKH dFISKH  aPZ7 a800  aAlexander, T.M aA thousand water bombs : bFive friends have fun and adventures /cT M Alexander  aLondon : bPiccadilly, c2010  a246 pages : billustrations ; c20 cm  aQ  aTribe isn't a group of ordinary kids leading ordinary lives. It's a force to be reckoned with. The five Tribers have fun getting in and out of adventures. Meet them: Bee: I'm Bossy. Someone needs to be. Copper Pie: I'm the muscle. Mess with my mates and you've got me to deal with. Keener: I try and keep Copper Pie out of trouble. It's a fulltime job. Fifty: I'm determined to grow. I can't stay this small forever. Jonno: I'm a Triber. That's all you need to know. Tribe - it's too big to stay secret. AUTHOR: T.M. Alexander likes short words better than long ones and spinach more than celeriac. She writes in a study that no one knows exists, hidden behind a secret door masquerading as a bookcase. If the door ever gets stuck she will never be seen again. 8 a670 bLexile 8 aQ bRaz-Plus  aChildren Fiction vKbooks